Catalunya des de l'aire - Statistics

General Stats
  • This quiz has been taken 19 times
  • The average score is 14 of 20
Answer Stats
Picture Hint Answer % Correct
Ciutat Barcelona
100%
Cap Cap de Creus
100%
Lloc Delta de l'Ebre
100%
Illes Illes Medes
87%
Edifici Sagrada Família
87%
Circuit Circuit de Barcelona - Catalunya
80%
Serralada Pirineus
80%
Parc d'atraccions Port Aventura World
80%
Ciutat Tarragona
80%
Monument Cristòfor Colom
73%
Ciutat Girona
73%
Serralada Montserrat
67%
Regió Val d'Aran
67%
Parc natural Aiguamolls de l'Empordà
60%
Ciutat Lleida
60%
Muntanya Pedraforca
60%
Vila Cadaqués
53%
Poble medieval Besalú
47%
Lloc Golf de Roses
47%
Mar Mar Balear
40%
No matching quizzes found
Score Distribution
Percent of People with Each Score
Percentile by Number Answered
Your Score History
You have not taken this quiz